Diablo 3 Waypoints -- Act 1 - Statistics

General Stats
  • This quiz has been taken 6 times
  • The average score is 9 of 23
Answer Stats
# Answer % Correct
4 Cathedral Level 1
75%
5 Cathedral Level 2
75%
6 Cathedral Level 3
75%
21 Halls of Agony Level 1
75%
22 Halls of Agony Level 2
75%
1 New Tristram
75%
18 Northern Highlands
75%
19 Southern Highlands
75%
7 Cathedral Level 4
50%
12 Fields of Misery
50%
23 Halls of Agony Level 3
50%
2 The Old Ruins
50%
8 The Royal Crypts
50%
16 Caverns of Araneae
25%
14 The Festering Woods
25%
10 The Weeping Hollow
25%
3 Cathedral Garden
0%
11 Cemetary of the Forsaken
0%
9 Desolate Chamber
0%
13 Drowned Temple
0%
17 Highlands Crossing
0%
20 Leoric's Manor
0%
15 Wortham Chapel Cellar
0%
No matching quizzes found
Score Distribution
Percent of People with Each Score
Percentile by Number Answered
Your Score History
You have not taken this quiz